Sports Quiz

Random Sports or Baseball Quiz

American League Wild Card Teams Quiz Stats

Quiz not verified by Sporcle

Challenge
Share
Tweet
Embed
Score 0/17 Timer 03:00
0 Plays Today
Year Team % Correct
1995 ALNew York Yankees
100%
1997 ALNew York Yankees
100%
1998 ALBoston Red Sox
100%
1999 ALBoston Red Sox
100%
2003 ALBoston Red Sox
100%
2004 AL *Boston Red Sox
100%
2005 ALBoston Red Sox
100%
2006 ALDetroit Tigers
100%
2007 ALNew York Yankees
100%
Year Team % Correct
2008 ALBoston Red Sox
100%
2009 ALBoston Red Sox
100%
2010 AL New York Yankees
100%
2002 AL *Anaheim Angels
98.9%
2011 ALTampa Bay Rays
97.7%
2001 ALOakland Athletics
96.6%
2000 ALSeattle Mariners
95.4%
1996 ALBaltimore Orioles
93.1%

You're not logged in!

Compare scores with friends on all Sporcle quizzes.
Sign Up with Email
OR
Log In

You Might Also Like...

Show Comments

Extras

Top Quizzes Today


Score Distribution

Your Account Isn't Verified!

In order to create a playlist on Sporcle, you need to verify the email address you used during registration. Go to your Sporcle Settings to finish the process.